01016 2200325 4500001002100000005001500021035002500036008004100061020001800102020002200120040001700142082001400159090002000173090002200193100003300215245009000248250001200338250003900350260005400389260005400443300005300497650003100550850001200581007000300593084001600596999002200612990001700634990001700651990002200668YOGYA-0209000000227420200311080757 a0010-020900000002274090227t20042020yoia g ind d a979-420-552-4 a978-602-386-811-7 aYOPDYOGbind 223a333.7 aDEP 333.7 SUR a aCB-D.11 2020-00391 aSuratmo, F Gunarwanepenulis10aAnalisis mengenai dampak lingkungan /cpenulis, F. Gunarwan Suratmo; penyunting, Siti aCet. 10 aCetakan keempatbelas, Januari 2020 aYogyakarta :bGadjah Mada University Press,c2004 aYogyakarta :bGadjah Mada University Press,c2020 axiv, 343 halaman :bilustrasi, lampiran ;c25 cm 4aAnalisis dampak lingkungan aYOPDYOGta a333.7 SUR a aCB-D.11/2020-0039 a8197-PD/B.05 a8198-PD/B.05 aCB-D.11/2020-0039